| 000 | 00562nam a2200169Ia 4500 | ||
|---|---|---|---|
| 003 | GCL | ||
| 008 | 140319s9999 xx 000 0 ara d | ||
| 040 |
_aGCL / _cGCL |
||
| 082 | 0 | 4 |
_aد _b050 _bدهـ |
| 245 | 1 | 0 | _aالهلال نوفمبر 2000 : ايام فلسطين الدامية |
| 260 |
_aالقاهرة : _bدار الهلال للطباعة والنشر ، _c2000 |
||
| 650 | 0 | 4 | _aالقصص القصيرة |
| 650 | 0 | 4 | _aالمقالات العربية |
| 650 | 0 | 4 | _aالصهيونية |
| 650 | 0 | 4 | _aالالعاب الاوليمبية |
| 942 |
_2ddc _cCR |
||
| 999 |
_c6760 _d6760 |
||